000 00646nam a2200217 a 4500
005 20210219153456.0
008 991125n 000 0 u
035 _aUPN01000101848
100 _aWelty, Kenneth
222 _aJOURNAL OF INDUSTRIAL TEACHER EDUCATION
245 _aTechnological literacy and political participation in McLean county Illinois
300 _a7-22
362 _a29, No. 4, 1992
505 _aEnero 1993
653 0 _aLITERATURA TECNOLOGICA
653 0 _aPARTICIPACION DE LOS CIUDADANOS
653 0 _aRESPONSABILIDAD CIUDADANA
653 0 _aVALORES DEMOCRATICOS
904 _aAC
_b039659
905 _aArticulo
999 _c77855
_d77855